01331nam a22002657a 45000010005000000030006000050050017000110080041000280200018000690400029000870820008001161000020001242450055001442500033001992600038002323000043002704900021003135050008003345200555003425210029008975210020009266500035009466500050009817000034010315217FISKH20241121081145.0241120b cb ||||| |||| 00| 0 eng d a9781407108315 aFISKHbengcFISKHdFISKH a900 aMacDonald, Alan aChurchill and his Woeful Wars /cby Alan MacDonald aThis edition pulblished 2009 aNew York : bScholastic ;c2004.  a189 pages : billustrations ;c21 cm . aHorribly Famous  aS  aYou've probably heard of Winston Churchill. He is dead famous for smoking a massive cigar, leading Britain to victory in World War II, and raising his fingers in a V sign. But have you heard that Winston was a demon bricklayer? That he had a fantastic collection of hats? That he made a daring escape from prison? Yes, even though he's dead, Winston's still full of surprises. Now you can get the inside story with Winston's lost diary, relive the events of the century in 'The Winston Weekly' and discover the vital role he played in two great wars.8 a790 bLexile estimate 8 aS bRaz-Plus  aWinston ChurchillvNon-Fiction aDead Famous Section Hall LibraryvNon-fiction aGoddard, Clive eillustrator